Biblioteca "Ernesto Sabato"
Facultad de Derecho y Ciencias Sociales
Facultad de Lenguas
Universidad Nacional del Comahue

Crisis de la política o crisis de la representación política? (Record no. 14822)

MARC details
000 -CABECERA
campo de control de longitud fija 00667caa a22001572a 4500
001 - NÚMERO DE CONTROL
campo de control 009022
003 - IDENTIFICADOR DEL NÚMERO DE CONTROL
campo de control AR-FADEU
008 - DATOS DE LONGITUD FIJA--INFORMACIÓN GENERAL
campo de control de longitud fija 311216n########xxu####################dd
092 ## - ASIGNACIÓN LOCAL DE SIGNATURA TOPOGRÁFICA DEWEY (OCLC)
Número de clasificación 321.8
Número de documento/Ítem R425
100 ## - ENTRADA PRINCIPAL--NOMBRE DE PERSONA
Nombre de persona Bejarano, Ana María
245 ## - MENCIÓN DE TÍTULO
Título Crisis de la política o crisis de la representación política?
300 ## - DESCRIPCIÓN FÍSICA
Extensión PP. 93-120
500 ## - NOTA GENERAL
Nota general En: Representación política y democracia /comp. Carlota Jackisch. Buenos Aires : Ciedla. Centro Interdisciplinario de Estudios Sobre el Desarrollo Latinoamericano, 1998
773 0# - ENLACE AL DOCUMENTO FUENTE/ENTRADA DE REGISTRO ANFITRIÓN
Número bibliográfico anfitrión 14818
Número de ítem anfitrión 13898
Encabezamiento principal
Edición
Lugar, editor y fecha de publicación Buenos Aires
Otro identificador del documento 14264
Título REPRESENTACION política y democracia
Número de control del registro ( AR-FADEU) 009018
Número Internacional Normalizado para Publicaciones Seriadas
Número Internacional Estándar del Libro 950-9431-72-9
942 ## - ELEMENTOS DE PUNTO DE ACCESO ADICIONAL (KOHA)
Tipo de ítem Koha BDGR

No items available.

Facultad de Derecho y Ciencias Sociales | Universidad Nacional del Comahue | Mendoza y Perú General Roca | Río Negro CP (8332) | Patagonia Argentina | Teléfono: 54-0298-4433670 | | Fax: 0298-4432093 | Fax alumnos: 0298-4435700